Language Quiz

Random Language or Country Quiz

European countries in Greek (phonetically) Quiz Stats

 Plays Quiz not verified by Sporcle

Challenge
Share
Tweet
Embed
Score 0/10 Timer 04:00
0 Plays Today
Hint Answer % Correct
ΜάλταMalta
98.8%
ΛάτβιαLatvia
91.8%
ΣπέινSpain
88.2%
ΣλόβηνιαSlovenia
85.9%
ΛιχτενστάινLiechtenstein
84.7%
ΦράνσFrance
81.2%
ΡομάηνιαRomania
77.6%
Σάιπρασ Cyprus
68.2%
ΧάνγαρηHungary
52.9%
ΠέλτζαμBelgium
43.5%

You're not logged in!

Compare scores with friends on all Sporcle quizzes.
Join for Free
OR
Log In

You Might Also Like...

Show Comments

Extras

Top Quizzes Today


Score Distribution

Your Account Isn't Verified!

In order to create a playlist on Sporcle, you need to verify the email address you used during registration. Go to your Sporcle Settings to finish the process.

Report this User

Report this user for behavior that violates our Community Guidelines.

Details: